[Event "Troy (US Am N/2/8)"]
[Site "?"]
[Date "1995.??.??"]
[Round "?"]
[White "Dangremond, Leonard"]
[Black "Schmoldt, J."]
[Result "1/2-1/2"]
[WhiteElo "2000"]
[BlackElo "1715"]
[PlyCount "139"]
[EventDate "1995.??.??"]

{2/(8)} 1. e4 a6 2. d4 b5 3. Be2 Bb7 4. Bf3 e6 5. Be3 Be7 6. Ne2 Nf6 7. Nd2 d6
8. O-O Nbd7 9. c3 c5 10. a4 O-O 11. axb5 axb5 12. Qc2 Qc7 13. Rfd1 cxd4 14.
Nxd4 Bc6 15. Qb3 Rxa1 16. Rxa1 Nc5 17. Qc2 g6 18. Nxc6 Qxc6 19. Ra7 Bd8 20. Bh6
Re8 21. e5 Qb6 22. exf6 Qxa7 23. Bc6 Rf8 24. Bxb5 Bxf6 25. Bxf8 Kxf8 26. g3
Qa1+ 27. Bf1 Na4 28. Ne4 Ke7 29. Qb3 Nc5 30. Nxc5 dxc5 31. Kg2 Qa8+ 32. Kg1 Qe4
33. Qb6 Qd5 34. Be2 Kf8 35. b4 Bxc3 36. Qb8+ Kg7 37. b5 Qd2 38. Bf1 Bd4 39. Qf4
Qxf4 40. gxf4 e5 41. fxe5 Bxe5 42. Kg2 Bc7 43. h3 f5 44. Kf3 Kf6 45. Ke3 Bb6
46. Bc4 g5 47. Kf3 Ke5 48. Bg8 h5 49. Bf7 g4+ 50. hxg4 hxg4+ 51. Kg3 Bc7 52.
Kg2 Kd4 53. Be6 Ke5 54. Bf7 Kf6 55. Bc4 Kg5 56. Be6 f4 57. Kf1 f3 58. Ke1 Ba5+
59. Kf1 Kf4 60. Kg1 Bb6 61. Kf1 g3 62. fxg3+ Kxg3 63. Bd5 Kf4 64. Bg8 Ke3 65.
Bd5 Bc7 66. Bf7 Bg3 67. Be6 Ke4 68. Bf7 Kd4 69. Bh5 c4 70. Bxf3 1/2-1/2

[Event "East Lansing (MEX/4/8)"]
[Site "?"]
[Date "1995.??.??"]
[Round "?"]
[White "Dangremond, Leonard"]
[Black "Kamberi, Sonny"]
[Result "0-1"]
[WhiteElo "2000"]
[BlackElo "2135"]
[PlyCount "76"]
[EventDate "1995.??.??"]

{4/(8)} 1. e4 e6 2. g3 d5 3. exd5 exd5 4. Bg2 Nf6 5. Ne2 Bd6 6. O-O O-O 7. d4
c6 8. Bf4 Bf5 9. Nd2 Re8 10. h3 h6 11. Re1 Bxf4 12. gxf4 Nbd7 13. Nf3 Be4 14.
Ng3 Bxf3 15. Qxf3 Qc7 16. c3 Nb6 17. b3 Qd7 18. Re5 Nc8 19. Rae1 Nd6 20. Qd3
Qc7 21. f3 Nd7 22. Re7 Rxe7 23. Rxe7 Re8 24. Rxe8+ Nxe8 25. Nf5 Qxf4 26. c4 Nd6
27. Nxd6 Qxd6 28. cxd5 Qxd5 29. Qe4 Nf6 30. Qe5 Qxe5 31. dxe5 Nd7 32. f4 g5 33.
Kf2 gxf4 34. Kf3 Nxe5+ 35. Kxf4 Nd3+ 36. Kf5 Nc1 37. Kf6 Nxa2 38. Bf3 Nc3 0-1

[Event "Troy (US Am N/4/6)"]
[Site "?"]
[Date "1995.??.??"]
[Round "?"]
[White "Dangremond, Leonard"]
[Black "Bostic, Donald"]
[Result "1-0"]
[WhiteElo "2000"]
[BlackElo "1740"]
[PlyCount "81"]
[EventDate "1995.??.??"]

{4/(6)} 1. e4 c5 2. Nf3 Nc6 3. d4 cxd4 4. Nxd4 g6 5. Bc4 Bg7 6. Be3 Nf6 7. Nc3
O-O 8. Qd2 Ng4 9. O-O Qc7 10. Bf4 Bh6 11. Bxc7 Bxd2 12. Nce2 d6 13. Rad1 Nxd4
14. Rxd2 Nxe2+ 15. Bxe2 b6 16. h3 Ne5 17. f4 Nd7 18. e5 dxe5 19. Bf3 Ba6 20.
Bxa8 Bxf1 21. Kxf1 Rxa8 22. Rxd7 exf4 23. Bxf4 Kf8 24. Rb7 f6 25. Rb8+ Rxb8 26.
Bxb8 a6 27. Ke2 e5 28. Kd3 Ke7 29. a4 b5 30. axb5 axb5 31. c4 bxc4+ 32. Kxc4 e4
33. Kd4 f5 34. Bf4 Kd7 35. Ke5 Kc6 36. Kf6 Kc5 37. Kg7 Kd4 38. Kxh7 e3 39.
Bxe3+ Kxe3 40. Kxg6 f4 41. Kf5 1-0

[Event "East Lansing (Class C/5/14)"]
[Site "?"]
[Date "1995.??.??"]
[Round "?"]
[White "Dalimonte, A."]
[Black "Gregg, Ted"]
[Result "1-0"]
[WhiteElo "1605"]
[BlackElo "1605"]
[PlyCount "93"]
[EventDate "1995.??.??"]

{5/(14)} 1. e4 e5 2. d4 exd4 3. Qxd4 Nc6 4. Qd1 Bc5 5. Nc3 d6 6. Na4 Bb6 7.
Nxb6 axb6 8. Bc4 Ne5 9. Bb3 Nf6 10. Bg5 O-O 11. Ne2 Be6 12. O-O Bxb3 13. axb3
Ned7 14. Nc3 c6 15. Qxd6 Qb8 16. Qxb8 Rfxb8 17. Bf4 Re8 18. f3 Ra6 19. Rxa6
bxa6 20. Rd1 Ne5 21. Rd6 Nfd7 22. Bxe5 Nxe5 23. f4 Ng6 24. Rxc6 Nxf4 25. Rxb6
f5 26. g3 Nh3+ 27. Kg2 Ng5 28. exf5 Re1 29. h4 Ne4 30. Nxe4 Rxe4 31. Kf3 Re1
32. Rxa6 Rb1 33. Ke3 Rxb2 34. Kd3 Rb1 35. Re6 Rf1 36. g4 Rf3+ 37. Re3 Rf4 38.
Re4 Rf3+ 39. Kd4 Rf2 40. h5 Rxc2 41. b4 Rb2 42. Kc5 Rc2+ 43. Rc4 Re2 44. b5 Re8
45. b6 Kf7 46. b7 Ke7 47. Re4+ 1-0

[Event "East Lansing (Class C/1/7)"]
[Site "?"]
[Date "1995.??.??"]
[Round "?"]
[White "Dalimonte, A."]
[Black "Belill, Matt"]
[Result "0-1"]
[WhiteElo "1605"]
[BlackElo "1605"]
[PlyCount "54"]
[EventDate "1995.??.??"]

{1/(7)} 1. e4 e5 2. Nc3 Nf6 3. Bc4 Be7 4. d3 Nc6 5. Nd5 Na5 6. Nxe7 Qxe7 7. Bb3
Nxb3 8. axb3 c6 9. Ne2 d5 10. Ng3 h6 11. Nh5 Nxh5 12. Qxh5 dxe4 13. dxe4 Qb4+
14. Kf1 Qxe4 15. Ra4 Qxc2 16. Qxe5+ Be6 17. Rc4 Qd1+ 18. Qe1 Qxe1+ 19. Kxe1
Bxc4 20. bxc4 O-O 21. c5 Rad8 22. Be3 Rfe8 23. Ke2 b6 24. Ra1 bxc5 25. Rxa7 Rb8
26. Kf1 Rxb2 27. Bxc5 Rb1# 0-1

[Event "Ann Arbor (HVA/4/6)"]
[Site "?"]
[Date "1995.??.??"]
[Round "?"]
[White "Daley, S."]
[Black "Smeckert, Dennis"]
[Result "1-0"]
[WhiteElo "1605"]
[BlackElo "1605"]
[PlyCount "47"]
[EventDate "1995.??.??"]

{4/(6)} 1. e4 e5 2. Nf3 Nc6 3. Bb5 f5 4. Nc3 fxe4 5. Nxe4 d5 6. Nxe5 dxe4 7.
Nxc6 Qd5 8. c4 Qd6 9. Nxa7+ c6 10. Nxc8 Rxc8 11. Ba4 Nf6 12. Bc2 Rc7 13. O-O h5
14. h3 g5 15. d4 Ng4 16. g3 Nxf2 17. Kxf2 h4 18. Qg4 hxg3+ 19. Qxg3 Qxd4+ 20.
Be3 Rf7+ 21. Ke2 Qxb2 22. Qb8+ Kd7 23. Rxf7+ Ke6 24. Qe8+ 1-0

[Event "Jackson (Prison m)"]
[Site "?"]
[Date "1995.??.??"]
[Round "?"]
[White "Czuhai, Kevin"]
[Black "Kenieczko, D."]
[Result "1-0"]
[WhiteElo "2200"]
[BlackElo "1605"]
[PlyCount "85"]
[EventDate "1995.??.??"]

1. e4 e5 2. Bc4 Nf6 3. d4 exd4 4. Nf3 d5 5. exd5 Qe7+ 6. Kf1 Bg4 7. h3 Bxf3 8.
Qxf3 Qe4 9. Qb3 b6 10. Nd2 Qg6 11. Bd3 Qh5 12. Nf3 Qxd5 13. Bc4 Qh5 14. Bf4 Bd6
15. Re1+ Kf8 16. Bxd6+ cxd6 17. Nxd4 Nbd7 18. g4 Qc5 19. c3 Ne5 20. Bb5 a6 21.
g5 Nd5 22. Be2 g6 23. Nf3 Nf4 24. Nxe5 dxe5 25. Qc4 Qxc4 26. Bxc4 b5 27. Bb3
Nd3 28. Re3 Nxb2 29. Rxe5 Nd3 30. Rd5 Nf4 31. Rd7 Ne6 32. h4 Rc8 33. Rh3 Rc7
34. Bxe6 Rxd7 35. Bxd7 Ke7 36. Bg4 Rd8 37. Re3+ Kf8 38. Ke2 Rd6 39. f4 f6 40.
Re6 Rxe6+ 41. Bxe6 f5 42. Kd3 Ke7 43. Bg8 1-0

[Event "Troy (TCC Res/3/15)"]
[Site "?"]
[Date "1995.??.??"]
[Round "?"]
[White "Cutler, C."]
[Black "Silveri, Marco"]
[Result "0-1"]
[WhiteElo "1605"]
[BlackElo "1605"]
[PlyCount "102"]
[EventDate "1995.??.??"]

{3/(15)} 1. e4 c5 2. Nf3 d6 3. d4 cxd4 4. Nxd4 g6 5. c4 Bg7 6. b3 Nf6 7. Bb2
Nxe4 8. Ne6 Bxe6 9. Bxg7 Rg8 10. Bb2 Qa5+ 11. Nd2 Nxd2 12. Qxd2 Qxd2+ 13. Kxd2
Nc6 14. Be2 O-O-O 15. Rhd1 d5 16. Ke1 d4 17. a3 Rd7 18. f4 Rgd8 19. Rd2 Bf5 20.
Bf3 f6 21. g4 Be6 22. Rad1 d3 23. h3 f5 24. Kf2 fxg4 25. hxg4 h5 26. g5 Bf5 27.
Bxc6 bxc6 28. Be5 h4 29. Ke3 h3 30. Bc3 e6 31. Bf6 Re8 32. Be5 Ree7 33. c5 Rh7
34. Rh2 d2 35. Bd6 Bc2 36. Rdxd2 Bxb3 37. Rb2 Rb7 38. Kf2 Bd5 39. Kg3 Bg2 40.
Be5 Rxb2 41. Bxb2 Rb7 42. Bc1 Rb3+ 43. Kf2 Rc3 44. Be3 Rxa3 45. Ke2 a5 46. Bd4
a4 47. Bg1 Rc3 48. Bd4 Rc4 49. Kd3 Rc1 50. Bf2 a3 51. Kd2 a2 0-1

[Event "Troy (TCC Res/1/4)"]
[Site "?"]
[Date "1995.??.??"]
[Round "?"]
[White "Cutler, C."]
[Black "Kinney, G."]
[Result "0-1"]
[WhiteElo "1605"]
[BlackElo "1745"]
[PlyCount "120"]
[EventDate "1995.??.??"]

{1/(4)} 1. e4 e6 2. d4 d5 3. e5 c5 4. Bd3 cxd4 5. Qg4 Nc6 6. Nf3 Qc7 7. Qg3
Bb4+ 8. c3 dxc3 9. bxc3 Bf8 10. O-O Bd7 11. Na3 Nce7 12. Nb5 Bxb5 13. Bxb5+ Nc6
14. Be3 Nge7 15. Nd4 Ng6 16. f4 Bc5 17. Nxe6 Bxe3+ 18. Qxe3 fxe6 19. Kh1 O-O
20. Rf3 Qb6 21. Qxb6 axb6 22. g3 Ngxe5 23. Re3 Ng4 24. Rxe6 Rfe8 25. Rd6 Nf2+
26. Kg2 Ne4 27. Rxd5 Nxc3 28. Bxc6 bxc6 29. Rd6 Rxa2+ 30. Rxa2 Nxa2 31. Rxc6 b5
32. Rb6 b4 33. Kf3 Rc8 34. g4 Rc3+ 35. Ke4 b3 36. Ke5 Kf7 37. Rb7+ Ke8 38. Ke6
Re3+ 39. Kd6 Rd3+ 40. Ke6 Nc1 41. f5 Rd2 42. g5 Ne2 43. f6 gxf6 44. gxf6 Nf4+
45. Kf5 Rd7 46. Rxb3 Nd5 47. Ke6 Nc7+ 48. Kf5 Kf7 49. Rb6 Ne8 50. Re6 Rd5+ 51.
Re5 Nd6+ 52. Kf4 Rd4+ 53. Kg5 Ne4+ 54. Kf5 Nxf6 55. Ra5 Rd5+ 56. Rxd5 Nxd5 57.
h4 Nf6 58. Kg5 Kg7 59. Kf5 h6 60. Kf4 Kg6 0-1

[Event "East Lansing (Class C/4/5)"]
[Site "?"]
[Date "1995.??.??"]
[Round "?"]
[White "Cutler, C."]
[Black "Boyle, John"]
[Result "0-1"]
[WhiteElo "1605"]
[BlackElo "1605"]
[PlyCount "90"]
[EventDate "1995.??.??"]

{4/(5)} 1. e4 c5 2. Nf3 d6 3. d4 cxd4 4. Nxd4 Nf6 5. Nc3 g6 6. Bg5 Bg7 7. h3
O-O 8. Bd3 Nc6 9. Nxc6 bxc6 10. O-O Rb8 11. Rb1 Be6 12. a3 Rb6 13. Qd2 Qb8 14.
b3 c5 15. Rfe1 c4 16. bxc4 Rxb1 17. Rxb1 Qc7 18. Nb5 Qb7 19. Qc1 Rb8 20. c3 Qa6
21. a4 Qc8 22. Rb4 a5 23. Na7 Qc7 24. Rxb8+ Qxb8 25. Nb5 Qb7 26. Qe3 Qc6 27.
Qe2 h6 28. Bh4 g5 29. Bg3 Nd7 30. Qc2 Bxc4 31. f3 Bxd3 32. Qxd3 Nb6 33. c4 Nxa4
34. Qb3 Nb6 35. Na7 a4 36. Qb5 Qxb5 37. cxb5 a3 38. Bf2 a2 39. Bxb6 a1=Q+ 40.
Kh2 Bd4 41. Nc8 Bxb6 42. Nxb6 Qa7 43. Nc8 Qb7 44. Nxe7+ Qxe7 45. b6 Qb7 0-1

[Event "Troy (TCC Res/4/3)"]
[Site "?"]
[Date "1995.??.??"]
[Round "?"]
[White "Curtis, S."]
[Black "Zubatch, Steve"]
[Result "0-1"]
[WhiteElo "1605"]
[BlackElo "1700"]
[PlyCount "120"]
[EventDate "1995.??.??"]

{4/(3)} 1. e4 g6 2. Nf3 Bg7 3. c3 d6 4. d4 Nf6 5. Bd3 O-O 6. O-O Nbd7 7. Re1 e5
8. Be3 Re8 9. Nbd2 h6 10. Rc1 Ng4 11. Nf1 Nxe3 12. Nxe3 a6 13. Qd2 Nf6 14. d5
Nh5 15. Bb1 Nf4 16. c4 Bf8 17. b3 Bd7 18. Qd1 Be7 19. Nf1 Kg7 20. Ng3 h5 21.
Ne2 Nxe2+ 22. Qxe2 Rh8 23. c5 Rc8 24. c6 bxc6 25. dxc6 Be8 26. Nxe5 dxe5 27.
Red1 Bd6 28. Qxa6 Ra8 29. Qb7 Qb8 30. Rxd6 cxd6 31. a4 Bxc6 32. Qxb8 Raxb8 33.
Rxc6 Rhc8 34. Rxc8 Rxc8 35. Bd3 Rc1+ 36. Bf1 Rb1 37. a5 Rxb3 38. a6 Rb1 39. g3
Ra1 40. Kg2 f6 41. Be2 Ra5 42. f3 d5 43. exd5 Rxd5 44. Kf2 Kf8 45. Ke3 Ke7 46.
f4 exf4+ 47. gxf4 Kd6 48. Bf1 Ra5 49. h3 Kd5 50. Kf3 Ra3+ 51. Kf2 Ke4 52. Kg1
Kxf4 53. Kg2 Ra2+ 54. Kg1 Kg3 55. Kh1 Ra1 56. Kg1 f5 57. h4 f4 58. a7 Rxa7 59.
Be2 Ra1+ 60. Bf1 f3 0-1

[Event "Troy (TCC Res/5/7)"]
[Site "?"]
[Date "1995.??.??"]
[Round "?"]
[White "Curtis, S."]
[Black "Whitworth, M."]
[Result "1-0"]
[WhiteElo "1605"]
[BlackElo "1635"]
[PlyCount "63"]
[EventDate "1995.??.??"]

{5/(7)} 1. e4 e5 2. Nf3 Nc6 3. Bb5 a6 4. Ba4 Nf6 5. d3 Bc5 6. Bg5 h6 7. Bh4 g5
8. Bg3 d6 9. a3 O-O 10. Nbd2 Nd4 11. c3 Ne6 12. Qc2 Nf4 13. Bxf4 exf4 14. d4
Ba7 15. O-O-O b5 16. Bb3 Bb7 17. g3 d5 18. gxf4 dxe4 19. Ne5 Bd5 20. fxg5 Bxb3
21. Qxb3 hxg5 22. h4 c5 23. dxc5 Qd5 24. Qxd5 Nxd5 25. Nxe4 Nf4 26. Nf6+ Kg7
27. hxg5 Rh8 28. Rxh8 Rxh8 29. Rd7 Rh1+ 30. Kc2 Re1 31. Rxf7+ Kh8 32. Rh7# 1-0

[Event "Troy (TCC Res/2/9)"]
[Site "?"]
[Date "1995.??.??"]
[Round "?"]
[White "Curtis, S."]
[Black "Ashton, Jeff"]
[Result "1/2-1/2"]
[WhiteElo "1605"]
[BlackElo "1615"]
[PlyCount "64"]
[EventDate "1995.??.??"]

{2/(9)} 1. e4 c5 2. Nf3 Nc6 3. d4 cxd4 4. Nxd4 g6 5. c3 Nf6 6. Bd3 Bg7 7. O-O
O-O 8. Be3 d5 9. Nxc6 bxc6 10. Nd2 Ng4 11. Bf4 d4 12. Qc2 dxc3 13. bxc3 Ne5 14.
Be2 Be6 15. Rfd1 Qa5 16. Nb3 Qb6 17. Rab1 Qc7 18. Nc5 Nf3+ 19. Bxf3 Qxf4 20.
Nxe6 fxe6 21. Rd7 Be5 22. h3 Rab8 23. Rbd1 Qh2+ 24. Kf1 Bd6 25. Rxa7 Bc5 26.
Ra6 Rf6 27. Rxc6 Ba3 28. Rd2 Rb2 29. Qd3 Rb1+ 30. Ke2 Qg1 31. Rd1 Rb2+ 32. Rd2
Rb1 1/2-1/2

[Event "Troy (US Am N/5/37)"]
[Site "?"]
[Date "1995.??.??"]
[Round "?"]
[White "Cunningham, C."]
[Black "Rosebrook, G."]
[Result "0-1"]
[WhiteElo "1605"]
[BlackElo "1605"]
[PlyCount "110"]
[EventDate "1995.??.??"]

{5/(37)} 1. e4 c5 2. Bc4 a6 3. Nf3 e6 4. d4 b5 5. Be2 Nf6 6. e5 Nd5 7. c4 bxc4
8. Bxc4 Bb7 9. Bd2 Nc6 10. Nc3 cxd4 11. Nxd5 exd5 12. Bxd5 Bc5 13. a3 O-O 14.
O-O Re8 15. Re1 Qc7 16. b4 Bf8 17. Rc1 Qb6 18. Bf4 a5 19. Bxc6 dxc6 20. Ng5
axb4 21. Qh5 h6 22. Qxf7+ Kh8 23. Rb1 hxg5 24. Rb3 Bc8 25. Qxe8 gxf4 26. Qxf8+
Kh7 27. axb4 Qa6 28. h3 Be6 29. Qxf4 Bxb3 30. Qxd4 Bd5 31. e6 Re8 32. e7 Qb7
33. Qe5 Kg8 34. h4 Qxb4 35. Re3 Qxh4 36. f4 Qg4 37. Re2 Qd7 38. f5 Bc4 39. Re3
Qd1+ 40. Kh2 Kf7 41. Rg3 Qh5+ 42. Kg1 Qh6 43. Rg6 Rxe7 44. Rxh6 Rxe5 45. Rxc6
Bd5 46. Rc7+ Kf6 47. g4 Bf3 48. g5+ Kxf5 49. Rxg7 Kg4 50. Kf2 Re2+ 51. Kf1 Kg3
52. g6 Re4 53. Rf7 Bg2+ 54. Kg1 Re1+ 55. Rf1 Rxf1# 0-1

[Event "Troy (US Am N/3/40)"]
[Site "?"]
[Date "1995.??.??"]
[Round "?"]
[White "Cunningham, C."]
[Black "Harris, Do"]
[Result "0-1"]
[WhiteElo "1605"]
[BlackElo "1605"]
[PlyCount "62"]
[EventDate "1995.??.??"]

{3/(40)} 1. e4 c5 2. Nc3 Nc6 3. Nf3 d6 4. d4 cxd4 5. Nxd4 Nf6 6. Bb5 Bd7 7. O-O
a6 8. Bxc6 Bxc6 9. Nxc6 bxc6 10. Re1 e6 11. Bg5 Be7 12. h3 d5 13. e5 Nd7 14.
Bxe7 Qxe7 15. Qf3 O-O 16. Rad1 f6 17. exf6 Nxf6 18. Qg3 Rae8 19. f3 e5 20. Qf2
Nd7 21. Na4 d4 22. Re4 Nf6 23. Re2 Nd5 24. Rd3 Nf4 25. Rxe5 Qxe5 26. Rxd4 Ne2+
27. Kf1 Nxd4 28. Nb6 Qb5+ 29. Kg1 Qxb6 30. c3 Ne2+ 31. Kf1 Qxb2 0-1

[Event "Troy (US Am N/2/42)"]
[Site "?"]
[Date "1995.??.??"]
[Round "?"]
[White "Cunningham, C."]
[Black "Bezrutch, B."]
[Result "0-1"]
[WhiteElo "1605"]
[BlackElo "1605"]
[PlyCount "128"]
[EventDate "1995.??.??"]

{2/(42)} 1. e4 e5 2. Nf3 Nc6 3. Nc3 Nf6 4. Bb5 a6 5. Bxc6 dxc6 6. d4 exd4 7.
Nxd4 Bc5 8. Be3 O-O 9. O-O Re8 10. Qd3 Qe7 11. f3 Bd7 12. Rfe1 Rad8 13. Bg5 Qe5
14. f4 Qxd4+ 15. Qxd4 Bxd4+ 16. Kh1 h6 17. Bxf6 Bxf6 18. e5 Be7 19. Rad1 Bf5
20. Rxd8 Rxd8 21. Re2 Bb4 22. h3 Rd4 23. g4 Be6 24. f5 Bc4 25. Re3 Rd2 26. e6
fxe6 27. fxe6 Be7 28. b3 Bd5+ 29. Nxd5 cxd5 30. b4 Rxc2 31. a3 Rc4 32. Kg2 Re4
33. Kf3 Rxe3+ 34. Kxe3 c6 35. Kd4 Bd6 36. h4 Kf8 37. h5 Ke7 38. Ke3 Kxe6 39.
Kf3 Kf6 40. a4 Bxb4 41. Kg3 Kg5 42. Kf2 c5 43. Ke3 c4 44. Kd4 c3 45. Kd3 d4 46.
Kc2 b5 47. axb5 axb5 48. Kb3 d3 49. Kxb4 d2 50. Kxc3 d1=Q 51. Kb4 Qb1+ 52. Kc5
Qb3 53. Kd6 Kf6 54. g5+ hxg5 55. h6 gxh6 56. Kc5 Ke6 57. Kb6 Kd6 58. Ka5 Kc7
59. Ka6 Qa3+ 60. Kxb5 Kd6 61. Kb6 Kd7 62. Kb7 Qb4+ 63. Ka8 Kc7 64. Ka7 Qb7# 0-1

[Event "East Lansing (Class DE/3/19)"]
[Site "?"]
[Date "1995.??.??"]
[Round "?"]
[White "Crysler, Jerry"]
[Black "Woods, I."]
[Result "1-0"]
[WhiteElo "1605"]
[BlackElo "1605"]
[PlyCount "61"]
[EventDate "1995.??.??"]

{3/(19)} 1. Nf3 c5 2. d4 e6 3. e3 Nf6 4. Bd3 Be7 5. O-O O-O 6. Nc3 Qb6 7. Ne4
d5 8. Nxf6+ Bxf6 9. c3 c4 10. Bc2 Nd7 11. e4 dxe4 12. Bxe4 e5 13. d5 Nc5 14.
Be3 Qd6 15. Nd2 Nxe4 16. Nxe4 Qe7 17. Bc5 Qd7 18. Nxf6+ gxf6 19. Bxf8 Kxf8 20.
Qf3 Qf5 21. Qe3 b6 22. a4 Bb7 23. Rad1 Rd8 24. d6 Qg4 25. f3 Qg6 26. Rd4 e4 27.
fxe4 Rxd6 28. Rxd6 Bxe4 29. Qg3 Qh5 30. Rd8+ Ke7 31. Qd6# 1-0

[Event "Lansing (Mini-Swiss.2/3)"]
[Site "?"]
[Date "1995.??.??"]
[Round "?"]
[White "Crysler, Jerry"]
[Black "Pulsipher, D."]
[Result "0-1"]
[WhiteElo "1605"]
[BlackElo "1735"]
[PlyCount "84"]
[EventDate "1995.??.??"]

{2/(3)} 1. Nf3 d5 2. e3 c5 3. Be2 Nc6 4. O-O Nf6 5. d3 e5 6. Nc3 Be7 7. b3 O-O
8. Bb2 Bg4 9. Nb5 a6 10. Na3 Qc7 11. c4 d4 12. Nc2 dxe3 13. Nxe3 Bd7 14. Nd5
Nxd5 15. cxd5 Nd4 16. Nxd4 exd4 17. Bf3 Rfe8 18. Rc1 Qd6 19. Be4 Bg5 20. Bxh7+
Kxh7 21. Qh5+ Bh6 22. Ba3 b6 23. Rc4 Qg6 24. Qxg6+ Kxg6 25. b4 Bb5 26. bxc5
Bxc4 27. dxc4 bxc5 28. Bxc5 d3 29. Rd1 d2 30. Be3 Rxe3 31. fxe3 Bxe3+ 32. Kf1
Rc8 33. Ke2 Bh6 34. Kd3 Kf5 35. Kd4 Re8 36. Rf1+ Kg6 37. Rb1 Re1 38. Rb6+ Kf5
39. Rxa6 d1=Q+ 40. Kc5 Be3+ 41. Kc6 Qd4 42. Kd7 Qxc4 0-1

[Event "East Lansing (Class DE/4/13)"]
[Site "?"]
[Date "1995.??.??"]
[Round "?"]
[White "Crysler, Jerry"]
[Black "O'Dell, Ray"]
[Result "1-0"]
[WhiteElo "1605"]
[BlackElo "1605"]
[PlyCount "77"]
[EventDate "1995.??.??"]

{4/(13)} 1. d4 d5 2. Nc3 e6 3. Nf3 Bb4 4. Bd2 Bxc3 5. Bxc3 Nc6 6. e3 Nf6 7. Nd2
O-O 8. Bd3 Qe7 9. Qf3 e5 10. dxe5 Nxe5 11. Bxh7+ Nxh7 12. Qxd5 c6 13. Qxe5 Qxe5
14. Bxe5 Bf5 15. O-O-O Ng5 16. f3 f6 17. Bd4 b6 18. h4 Nf7 19. g4 Be6 20. Kb1
c5 21. Bc3 Nh6 22. g5 Nf5 23. gxf6 gxf6 24. Rdg1+ Kh7 25. Ne4 Kh6 26. Bxf6 Rg8
27. Bg5+ Kg6 28. h5+ Kf7 29. h6 Rh8 30. Bf6 Rxh6 31. Rxh6 Nxh6 32. Rg7+ Ke8 33.
Re7+ Kf8 34. Rxe6 Ng8 35. b3 Kf7 36. Rd6 Re8 37. Rd7+ Kg6 38. Rg7+ Kf5 39. Nd6+
1-0

[Event "East Lansing (Class DE/1/19)"]
[Site "?"]
[Date "1995.??.??"]
[Round "?"]
[White "Crysler, Jerry"]
[Black "McKnight, Rusty"]
[Result "0-1"]
[WhiteElo "1605"]
[BlackElo "1605"]
[PlyCount "116"]
[EventDate "1995.??.??"]

{1/(19)} 1. Nf3 e6 2. c4 c6 3. g3 d5 4. cxd5 cxd5 5. Bg2 Nf6 6. d4 Be7 7. O-O
Nc6 8. a3 Ne4 9. Nbd2 Bg5 10. Nxg5 Nxg5 11. Nf3 Nxf3+ 12. Bxf3 O-O 13. e3 Qd6
14. Bd2 a5 15. Bc3 b5 16. e4 Bd7 17. e5 Qe7 18. Be2 b4 19. Be1 Rfb8 20. Bd3
bxa3 21. bxa3 Nxd4 22. Bxh7+ Kxh7 23. Qxd4 Bb5 24. h4 Bxf1 25. Kxf1 Kg8 26. Bd2
f6 27. Qg4 Kf7 28. h5 Ke8 29. exf6 Qxf6 30. Re1 Ke7 31. Bg5 Qxg5 32. Qxg5+ Kd6
33. Qxg7 Rb3 34. a4 Ra3 35. Qg4 Re8 36. Qb4+ axb4 37. Kg2 Rxa4 38. h6 Rh8 39.
Rh1 b3 40. g4 Rxg4+ 41. Kf3 Rg6 42. Rb1 Rb8 43. Rh1 Rgg8 44. Kf4 b2 45. Rb1 Rg6
46. h7 Rh6 47. Kg5 Rxh7 48. f4 d4 49. Kg6 Rh2 50. Kf6 Rc2 51. Rd1 Kd5 52. Re1
b1=Q 53. Re5+ Kc4 54. Rxe6 Rb6 55. f5 Rf2 56. Ke7 Rxe6+ 57. fxe6 Qb7+ 58. Kd6
Re2 0-1

[Event "Lansing (Mini-Swiss.3/3)"]
[Site "?"]
[Date "1995.??.??"]
[Round "?"]
[White "Crysler, Jerry"]
[Black "Jackson, Don"]
[Result "0-1"]
[WhiteElo "1605"]
[BlackElo "1605"]
[PlyCount "68"]
[EventDate "1995.??.??"]

{3/(3)} 1. e3 g5 2. d3 c5 3. Ne2 Bg7 4. Ng3 e6 5. Be2 Nf6 6. O-O Nc6 7. c3 d5
8. e4 dxe4 9. Bxg5 Qd5 10. Bxf6 Bxf6 11. Nxe4 Be7 12. Nbd2 Bd7 13. Nb3 O-O-O
14. Bf3 Qe5 15. d4 cxd4 16. cxd4 Qg7 17. Rc1 Kb8 18. Ng3 Bd6 19. d5 Ne5 20.
dxe6 Nxf3+ 21. Qxf3 Bxe6 22. Na5 f6 23. Nc4 Bg4 24. Qe4 Rhe8 25. Qc2 Bc7 26.
Nf5 Qd7 27. Nfe3 Bh5 28. b4 Rg8 29. f3 Rde8 30. Rcd1 Qc6 31. Qxh7 Bxf3 32. Rf2
Bxd1 33. Nxd1 Re1+ 34. Rf1 Qxg2# 0-1

[Event "East Lansing (MOR/6/40)"]
[Site "?"]
[Date "1995.??.??"]
[Round "?"]
[White "Crysler, Jerry"]
[Black "Hogarth, Frank"]
[Result "1-0"]
[WhiteElo "1605"]
[BlackElo "1605"]
[PlyCount "49"]
[EventDate "1995.??.??"]

{6/(40)} 1. Nf3 Nc6 2. e3 Nf6 3. d4 d5 4. Be2 e6 5. O-O Bd6 6. Nc3 a6 7. Bd3 e5
8. dxe5 Nxe5 9. Nxe5 Bxe5 10. Ne2 Ng4 11. Ng3 Qh4 12. h3 h5 13. Qf3 Be6 14. Bf5
Bxf5 15. Nxf5 Bh2+ 16. Kh1 Nxf2+ 17. Rxf2 Qf6 18. Kxh2 O-O-O 19. e4 d4 20. Bf4
d3 21. cxd3 g6 22. Rc1 gxf5 23. Rxc7+ Kb8 24. Rxf7+ Rd6 25. Rxf6 1-0

[Event "East Lansing (MOR/2/31)"]
[Site "?"]
[Date "1995.??.??"]
[Round "?"]
[White "Crysler, Jerry"]
[Black "Herron, J."]
[Result "0-1"]
[WhiteElo "1605"]
[BlackElo "1750"]
[PlyCount "113"]
[EventDate "1995.??.??"]

{2/(31)} 1. Nf3 Nf6 2. Nc3 g6 3. d3 Bg7 4. Bd2 O-O 5. e3 Nc6 6. Be2 e5 7. O-O
d5 8. d4 e4 9. Ne5 Nxe5 10. dxe5 Ne8 11. f4 exf3 12. Bxf3 c6 13. e4 Qb6+ 14.
Kh1 dxe4 15. Nxe4 Bxe5 16. Bh6 Ng7 17. Rb1 Rd8 18. Qe2 Be6 19. b3 Qc7 20. Bg5
Re8 21. Qf2 Nf5 22. Nf6+ Kg7 23. Nxe8+ Rxe8 24. g4 Nd4 25. c4 b5 26. Rbc1 bxc4
27. bxc4 Nxf3 28. Qxf3 c5 29. Bf6+ Bxf6 30. Qxf6+ Kg8 31. Qf4 Qc6+ 32. Rf3 Rd8
33. Rcf1 Rd4 34. Qb8+ Kg7 35. Qb5 Qxb5 36. cxb5 Bd5 37. h3 Rd1 38. Kh2 Bxf3 39.
Rxf3 Rb1 40. a4 Rb4 41. Ra3 c4 42. g5 h6 43. gxh6+ Kxh6 44. Kg2 f5 45. Ra2 Kg5
46. Kf3 Rb3+ 47. Kg2 c3 48. Kf1 Rb2 49. Ra3 c2 50. Rg3+ Kf4 51. Rc3 Rb1+ 52.
Ke2 c1=Q 53. Rf3+ Ke5 54. Re3+ Qxe3+ 55. Kxe3 Rb3+ 56. Kf2 Kf4 57. Ke2 0-1

[Event "East Lansing (MOR/5/46)"]
[Site "?"]
[Date "1995.??.??"]
[Round "?"]
[White "Crysler, Jerry"]
[Black "Helzer, J."]
[Result "1/2-1/2"]
[WhiteElo "1605"]
[BlackElo "1605"]
[PlyCount "136"]
[EventDate "1995.??.??"]

{5/(46)} 1. Nf3 c5 2. d3 Nc6 3. e3 Nf6 4. Be2 g6 5. O-O Bg7 6. Nc3 O-O 7. e4 d6
8. Bd2 Be6 9. Ng5 Qd7 10. Bf3 Nd4 11. Nxe6 Qxe6 12. e5 dxe5 13. Na4 Nd7 14.
Bxb7 Rab8 15. Be4 f5 16. c3 fxe4 17. cxd4 exd4 18. Qe2 e3 19. fxe3 Rxf1+ 20.
Kxf1 Qa6 21. b3 dxe3 22. Bc3 Bxc3 23. Nxc3 Ne5 24. Rd1 Rd8 25. Qxe3 Rxd3 26.
Rxd3 Qxd3+ 27. Qxd3 Nxd3 28. Ke2 Ne5 29. h3 Kf7 30. Ne4 Nd7 31. Ng5+ Kg7 32.
Ke3 h6 33. Ne4 Kf7 34. Kf4 e5+ 35. Ke3 Ke6 36. g4 Kd5 37. Nc3+ Ke6 38. a4 h5
39. a5 Nf6 40. gxh5 gxh5 41. Nb5 Kd7 42. Nxa7 Kc7 43. Nb5+ Kb7 44. Na3 Ka6 45.
Nc4 Kb5 46. Kd3 e4+ 47. Ke3 Nd5+ 48. Kxe4 Nc7 49. Kd3 Na6 50. Kc3 Nb8 51. h4
Nc6 52. Kb2 Nxa5 53. Nxa5 Kxa5 54. Kc3 Kb5 55. Kd3 Kb4 56. Kc2 c4 57. bxc4 Kxc4
58. Kd2 Kd4 59. Ke2 Ke4 60. Kf2 Kf4 61. Kg2 Kg4 62. Kh2 Kxh4 63. Kg2 Kg4 64.
Kh2 h4 65. Kg2 h3+ 66. Kh2 Kh4 67. Kg1 Kg3 68. Kh1 h2 1/2-1/2

[Event "Gaylord (NMO/4/10)"]
[Site "?"]
[Date "1995.??.??"]
[Round "?"]
[White "Crysler, Jerry"]
[Black "Helle, Frank"]
[Result "0-1"]
[WhiteElo "1605"]
[BlackElo "2010"]
[PlyCount "92"]
[EventDate "1995.??.??"]

{4/(10)} 1. e3 c5 2. Ne2 e6 3. d3 d5 4. Ng3 Nf6 5. Be2 Nc6 6. c3 Bd6 7. O-O O-O
8. Nd2 Qc7 9. f4 b6 10. Nh5 Nxh5 11. Bxh5 e5 12. Nf3 exf4 13. exf4 Bxf4 14.
Bxf4 Qxf4 15. Kh1 g6 16. Nd4 Qd6 17. Nxc6 Qxc6 18. Bf3 Bb7 19. d4 Rad8 20. c4
Qd6 21. dxc5 bxc5 22. Qc2 Bc6 23. Rad1 d4 24. b3 f5 25. Bxc6 Qxc6 26. Rf3 Qe4
27. Qf2 Rde8 28. Rf1 a5 29. h3 Kg7 30. Rg3 Qe2 31. Qf4 Re4 32. Qf3 Qxf3 33.
Rgxf3 Re2 34. a4 Rfe8 35. Kh2 R8e3 36. Kg3 Rxf3+ 37. Rxf3 Kf6 38. Rf2 Rxf2 39.
Kxf2 Ke5 40. Ke2 Ke4 41. Kd2 g5 42. b4 cxb4 43. c5 Kd5 44. c6 Kxc6 45. Kd3 Kd5
46. g3 f4 0-1